000 005530000a22001690004500
090 _aAR
_b01415
245 1 0 _aSobre los hábitos alimentares de Phillostomídeos (<Mammalia, Chiroptera>)
650 1 4 _aHábitos alimentarios
_93824
650 1 4 _aFisiología
_915628
650 1 4 _aMurciélagos
_92659
651 4 _lParque del Museo Goeldi
_mBelén de Pará
_pBrasil
_992749
653 _fPhyllostomidae
041 0 _aPortugués
100 1 _aCarvalho, Cory T.
_994716
942 _cARTICULO
773 1 _tRevista de Biología Tropical
_3129
_h1
_q53-60
_d1961
_g9
999 _c10499
_d10499